Normal view
MARC view
Entry Topical Term
001 - CONTROL NUMBER
- control field: 820356
003 - CONTROL NUMBER IDENTIFIER
- control field: OSt
005 - DATE AND TIME OF LATEST TRANSACTION
- control field: 20250908160933.0
008 - FIXED-LENGTH DATA ELEMENTS
- fixed length control field: 250908|| aca||aabn | a|a d
040 ## - CATALOGING SOURCE
- Original cataloging agency: OSt
- Transcribing agency: OSt
150 ## - HEADING--TOPICAL TERM
- Topical term or geographic name entry element: Hindi Fiction
670 ## - SOURCE DATA FOUND
- Source citation: Work cat.: (OSt)1226623: रज़ा, राही मासूम, ले. 820355, कटरा बी आर्ज़ू, 2017
